| 000 | 02120 a2200289 4500 | ||
|---|---|---|---|
| 001 | 2162214035926704 | ||
| 003 | UA-OsUOA | ||
| 005 | 20260407140808.0 | ||
| 008 | 260407b un ao||| |||| 00| 0dukr d | ||
| 020 | _a9660200129 | ||
| 040 |
_aUA-OsUOA _bukr _cUA-OsUOA _dUA-OsUOA |
||
| 041 | _aukr | ||
| 080 | _a94(477):929 | ||
| 090 |
_a94(477):929 _bC25 |
||
| 110 |
_bЧернігівське єпархіальне управління _bІнститут археології НАН України _924894 |
||
| 245 |
_aСвятий князь Михайло Чернігівський та його доба _bматеріали церковно-історичної конференції (Чернігів, 1-3 жовтня 1996 р.) _cРедколегія: В. П. Коваленко (відп. ред.), о. Федір (Мандзюк), О. П. Васюта та ін. |
||
| 260 |
_aЧернігів _bСіверянська думка _c1996 |
||
| 300 | _a116 с. | ||
| 520 | _aДо збірника увійшли матеріали церковно-історичної конфереції, присвяченої 750-річчю від дня загибелі в ставці Батия Святого Чернігівського та Великого Київського князя Михайла Всеволодовича, пізніше канонізованого православною церквою. На підставі різноманітних джерел, значна кількість яких уперше запроваджуються до наукового обігу, у книзі висвітлено широке коло актуальних питань історії Південної Русі - України ХІІ-ХІV ст. | ||
| 650 |
_a94(477) Історія України _91446 |
||
| 700 | 1 |
_aКоваленко В. П. _924895 |
|
| 700 | 1 |
_aо. Федір(Мандзюк) _924896 |
|
| 700 | 1 |
_aВасюта О. П. _924897 |
|
| 942 |
_cBK _2udc |
||
| 955 | _a5 | ||
| 999 |
_c580372 _d580372 |
||